Manuel Neuer - Statistiques

Statistiques générales
  • Ce quiz a été pris 28 fois
  • Le résultat moyen est 12 sur 20
Statistiques - réponses
Question Réponse % Correct
De quel club Manuel Neuer est-il devenu capitaine en 2017 ? Bayern Munich
100%
Quelle compétition internationale Neuer a-t-il remportée avec l’Allemagne ? Coupe du Monde 2014
100%
Quel numéro de maillot porte-t-il en sélection allemande ? 1
84%
Quel trophée individuel a-t-il remporté en 2014 ? Golden Glove
84%
Quel club formateur a lancé la carrière professionnelle de Neuer ? Schalke
84%
Qui était le sélectionneur lors de la Coupe du Monde 2014 ? Joachim Löw
80%
Quel trophée majeur Neuer a-t-il remporté en 2013 avec le Bayern ? Ligue des Champions
80%
Dans quel match a-t-il réalisé sa célèbre sortie loin de sa surface contre l’Algérie ? Huitièmes de finale Coupe du Monde 2014
76%
Combien de fois Neuer a-t-il remporté la Ligue des champions avec le Bayern (jusqu’en 2024) ? 2
68%
En 2014, à quelle place du Ballon d’Or a-t-il terminé ? 3ème
68%
Contre quel club a-t-il perdu la finale de la Ligue des champions 2012 ? Chelsea
64%
Quel geste technique est associé à Neuer ? Sortie glissée loin de la surface
64%
En quelle année Manuel Neuer est-il né ? 1986
56%
Quel trophée majeur a-t-il remporté avec l’Allemagne en dehors de la Coupe du Monde ? Aucun
56%
Quelle est la taille officielle de Manuel Neuer ? 1,93m
40%
Combien de Bundesliga a-t-il remportées avec le Bayern (jusqu’en 2024) ? 12
28%
Quelle blessure grave l’a éloigné des terrains en 2017-2018 ? Pied Gauche Cassé
28%
Comment surnomme-t-on souvent Manuel Neuer pour son style de jeu ? Sweeper-Keeper
20%
Avant Neuer, quel gardien était titulaire en équipe d’Allemagne ? René Adler
8%
Dans quel quartier de Gelsenkirchen est-il né ? Buer
4%
Aucun quiz correspondant
Distribution des résultats
% des personnes avec chaque résultat
Percentile par nombre de réponses
Votre historique - résultats
Vous n’avez pas pris ce quiz